El giro lingüístico: dificultades metafilosóficas de la filosofía linguistica
Gespeichert in:
| 1. Verfasser: | |
|---|---|
| Format: | Buch |
| Sprache: | Spanisch |
| Veröffentlicht: |
Barcelona
Paidós
1990
|
| Schriftenreihe: | Colección Pensamiento Contemporáneo, 11
|
| Schlagworte: | |
| Tags: |
Tag hinzufügen
Keine Tags, Fügen Sie den ersten Tag hinzu!
|
MARC
| LEADER | 00000nam a2200000 a 4500 | ||
|---|---|---|---|
| 001 | UCX6993 | ||
| 003 | CL-VaPUC | ||
| 008 | 930909e19900000SP |||||||||||||||||spa|d | ||
| 020 | |a 8475096131 | ||
| 082 | 0 | 4 | |a 149.94 |b ROR |2 21 |
| 100 | 0 | |a Rorty, Richard |e author |9 323707 | |
| 245 | 1 | 3 | |a El giro lingüístico: dificultades metafilosóficas de la filosofía linguistica |
| 300 | |a 167 p | ||
| 942 | |c BK | ||
| 945 | |d 19930909 00:00:00 | ||
| 260 | |a Barcelona |b Paidós |c 1990 | ||
| 650 | 0 | |a Semántica |9 265318 | |
| 650 | 0 | |a Filosofía |9 223554 | |
| 650 | 0 | |a Filosofía del lenguaje |9 257082 | |
| 650 | 0 | |a Análisis |9 259550 | |
| 583 | |a last modification |c 19930909 00:00:00 |k Rodrigo Vera | ||
| 490 | 0 | |a Colección Pensamiento Contemporáneo, 11 | |
| 999 | |c 226917 |d 226915 | ||
| 952 | |0 0 |1 0 |4 0 |6 149_940000000000000_ROR_1990 |7 0 |8 A |9 225586 |a FDOPOS |b FDOPOS |d 2019-11-15 |i 2942607 |o 149.94 ROR 1990 |p 2942607 |r 2025-01-22 |w 2019-11-15 |y BK |k MLA | ||
| 952 | |0 0 |1 0 |4 0 |6 149_940000000000000_ROR_1990 |7 0 |8 A |9 225587 |a FDOPOS |b FDOPOS |d 2019-11-15 |i 3719340 |o 149.94 ROR 1990 |p 3719340 |r 2025-01-22 |w 2019-11-15 |y BK |k MLA | ||
| 952 | |0 0 |1 0 |4 0 |6 149_940000000000000_ROR_1990 |7 0 |8 A |9 225588 |a BIBEDU |b BIBEDU |d 2019-11-15 |i 3737349 |o 149.94 ROR 1990 |p 3737349 |r 2019-11-15 |w 2019-11-15 |y BK |k PSI | ||
| 952 | |0 0 |1 0 |4 0 |6 149_940000000000000_ROR_1990 |7 0 |8 A |9 225589 |a BIBGIM |b BIBGIM |d 2019-11-15 |i 3978389 |l 1 |o 149.94 ROR 1990 |p 3978389 |r 2025-01-15 |s 2022-08-11 |w 2019-11-15 |y BK |k SSL | ||